<?xml version="1.0" encoding="UTF-8"?>
<record
    xmlns:xsi="http://www.w3.org/2001/XMLSchema-instance"
    xsi:schemaLocation="http://www.loc.gov/MARC21/slim http://www.loc.gov/standards/marcxml/schema/MARC21slim.xsd"
    xmlns="http://www.loc.gov/MARC21/slim">

  <leader>03080nam a22004578i 4500</leader>
  <controlfield tag="001">BRILL9789004682214</controlfield>
  <controlfield tag="003">nllekb</controlfield>
  <controlfield tag="005">20260415154914.0</controlfield>
  <controlfield tag="006">m        d        </controlfield>
  <controlfield tag="007">cr un    uuuua</controlfield>
  <controlfield tag="008">231123s2024    gw      sb    001 0 eng d</controlfield>
  <datafield tag="010" ind1=" " ind2=" ">
    <subfield code="a">  2023034017</subfield>
  </datafield>
  <datafield tag="020" ind1=" " ind2=" ">
    <subfield code="a">9789004682214</subfield>
    <subfield code="q">(electronic book)</subfield>
  </datafield>
  <datafield tag="020" ind1=" " ind2=" ">
    <subfield code="z">9789004682207</subfield>
    <subfield code="q">(print)</subfield>
  </datafield>
  <datafield tag="024" ind1="7" ind2=" ">
    <subfield code="a">110.1163/9789004682214</subfield>
    <subfield code="2">DOI</subfield>
  </datafield>
  <datafield tag="035" ind1=" " ind2=" ">
    <subfield code="z">(OCoLC)1399562548</subfield>
  </datafield>
  <datafield tag="040" ind1=" " ind2=" ">
    <subfield code="a">NL-LeKB</subfield>
    <subfield code="c">NL-LeKB</subfield>
    <subfield code="e">rda</subfield>
  </datafield>
  <datafield tag="041" ind1=" " ind2=" ">
    <subfield code="a">eng</subfield>
  </datafield>
  <datafield tag="050" ind1=" " ind2="4">
    <subfield code="a">HD82</subfield>
  </datafield>
  <datafield tag="072" ind1=" " ind2="7">
    <subfield code="a">HBLA1</subfield>
    <subfield code="2">bicssc</subfield>
  </datafield>
  <datafield tag="072" ind1=" " ind2="7">
    <subfield code="a">HIS</subfield>
    <subfield code="x">002000</subfield>
    <subfield code="2">bisacsh</subfield>
  </datafield>
  <datafield tag="072" ind1=" " ind2="7">
    <subfield code="a">HIS</subfield>
    <subfield code="x">039000</subfield>
    <subfield code="2">bisacsh</subfield>
  </datafield>
  <datafield tag="082" ind1="0" ind2="4">
    <subfield code="a">330.9369202</subfield>
    <subfield code="2">23</subfield>
  </datafield>
  <datafield tag="100" ind1="1" ind2=" ">
    <subfield code="a">Timmerman, Erik,</subfield>
    <subfield code="e">author.</subfield>
  </datafield>
  <datafield tag="245" ind1="1" ind2="4">
    <subfield code="a">The Roman Impact on the Economy of the Lower Germanic Limes Region /</subfield>
    <subfield code="c">Erik Timmerman.</subfield>
  </datafield>
  <datafield tag="300" ind1=" " ind2=" ">
    <subfield code="a">1 online resource (332 pages) :</subfield>
    <subfield code="b">illustrations.</subfield>
  </datafield>
  <datafield tag="490" ind1="1" ind2=" ">
    <subfield code="a">Classical Studies E-Books Online, Collection 2024</subfield>
  </datafield>
  <datafield tag="490" ind1="1" ind2=" ">
    <subfield code="a">Impact of Empire ;</subfield>
    <subfield code="v">48</subfield>
  </datafield>
  <datafield tag="504" ind1=" " ind2=" ">
    <subfield code="a">Includes bibliographical references and index.</subfield>
  </datafield>
  <datafield tag="505" ind1="0" ind2=" ">
    <subfield code="t">Front Matter -- Preliminary Material /</subfield>
    <subfield code="r">Erik Timmerman -- Copyright Page /</subfield>
    <subfield code="r">Erik Timmerman -- Dedication /</subfield>
    <subfield code="r">Erik Timmerman -- Acknowledgements /</subfield>
    <subfield code="r">Erik Timmerman -- Figures and Tables /</subfield>
    <subfield code="r">Erik Timmerman -- Chapter 1 Introduction /</subfield>
    <subfield code="r">Erik Timmerman -- Chapter 2 Setting the Stage /</subfield>
    <subfield code="r">Erik Timmerman -- Chapter 3 The Roman Impact /</subfield>
    <subfield code="r">Erik Timmerman -- Chapter 4 Agricultural Production /</subfield>
    <subfield code="r">Erik Timmerman -- Chapter 5 Non-agricultural Production /</subfield>
    <subfield code="r">Erik Timmerman -- Chapter 6 Trade /</subfield>
    <subfield code="r">Erik Timmerman -- Chapter 7 Living Standards /</subfield>
    <subfield code="r">Erik Timmerman -- Chapter 8 Final Conclusions /</subfield>
    <subfield code="r">Erik Timmerman -- Back Matter -- Appendix 1 /</subfield>
    <subfield code="r">Erik Timmerman -- Appendix 2 /</subfield>
    <subfield code="r">Erik Timmerman -- Appendix 3 /</subfield>
    <subfield code="r">Erik Timmerman -- Sources and Bibliography /</subfield>
    <subfield code="r">Erik Timmerman -- Index of Geographical Names /</subfield>
    <subfield code="r">Erik Timmerman -- Index of Subjects /</subfield>
    <subfield code="r">Erik Timmerman.</subfield>
  </datafield>
  <datafield tag="520" ind1=" " ind2=" ">
    <subfield code="a">The remarkable economic performance of the Roman Empire is now widely acknowledged. Yet there is still much debate about its interpretation. Although this debate is mainly conducted at the empire-wide level, regional syntheses are indispensable to its further advancement. This book contributes to that purpose by providing a comprehensive account of the Roman impact on the economy of the Lower Germanic Limes region. By drawing on a large number of scattered publications and (archaeological) datasets, the work demonstrates that Roman rule also led to important economic developments in a part of the empire that was remote from its Mediterranean heartland.</subfield>
  </datafield>
  <datafield tag="546" ind1=" " ind2=" ">
    <subfield code="a">English</subfield>
  </datafield>
  <datafield tag="650" ind1=" " ind2="0">
    <subfield code="a">Economic development</subfield>
    <subfield code="z">Rome.</subfield>
  </datafield>
  <datafield tag="651" ind1=" " ind2="0">
    <subfield code="a">Netherlands</subfield>
    <subfield code="x">Economic conditions. </subfield>
  </datafield>
  <datafield tag="651" ind1=" " ind2="0">
    <subfield code="a">Rome</subfield>
    <subfield code="x">Economic conditions. </subfield>
  </datafield>
  <datafield tag="776" ind1="0" ind2="8">
    <subfield code="i">Print version:</subfield>
    <subfield code="t">The Roman Impact on the Economy of the Lower Germanic Limes Region.</subfield>
    <subfield code="d">Leiden ; Boston : Brill, 2024.</subfield>
    <subfield code="z">9789004682207</subfield>
    <subfield code="w">(DLC)  2023034016</subfield>
  </datafield>
  <datafield tag="830" ind1=" " ind2="0">
    <subfield code="a">Classical Studies E-Books Online, Collection 2024.</subfield>
  </datafield>
  <datafield tag="830" ind1=" " ind2="0">
    <subfield code="a">Impact of Empire ;</subfield>
    <subfield code="v">48.</subfield>
  </datafield>
  <datafield tag="856" ind1="4" ind2=" ">
    <subfield code="u">http://dx.doi.org/10.1163/9789004682214</subfield>
  </datafield>
  <datafield tag="942" ind1=" " ind2=" ">
    <subfield code="2">ddc</subfield>
    <subfield code="c">E-BOOK</subfield>
  </datafield>
  <datafield tag="999" ind1=" " ind2=" ">
    <subfield code="c">49391</subfield>
    <subfield code="d">49391</subfield>
  </datafield>
  <datafield tag="952" ind1=" " ind2=" ">
    <subfield code="r">2026-04-15 11:21:00</subfield>
    <subfield code="l">0</subfield>
    <subfield code="o">330.9369202</subfield>
    <subfield code="p">EB04580</subfield>
    <subfield code="u">https://doi.org/10.1163/9789004682214</subfield>
    <subfield code="w">2026-04-15</subfield>
    <subfield code="y">E-BOOK</subfield>
    <subfield code="1">0</subfield>
    <subfield code="2">ddc</subfield>
    <subfield code="4">0</subfield>
    <subfield code="7">0</subfield>
    <subfield code="0">0</subfield>
    <subfield code="a">CUTN</subfield>
    <subfield code="b">CUTN</subfield>
    <subfield code="d">2026-04-15</subfield>
  </datafield>
</record>
